German-Czech Relations in Bohemian Frontier Towns: The Industrialization and Urbanization Process

Titel: German-Czech Relations in Bohemian Frontier Towns: The Industrialization and Urbanization Process
Verfasser:
In: Studies in East European social history ; 2, (1981), Seite 62-87
alle Artikel anzeigen
Veröffentlicht: 1981
Format: Aufsatz
Sprache: Englisch
Kein Bild verfügbar
X
alg: 39165065
001A    $01999:11-11-16 
001B    $01999:25-04-21 $t10:53:34.000 
001D    $01999:11-11-16 
001U    $0utf8 
001X    $00 
002@    $0Aox 
003@    $0391650653 
007A    $0391650653 $aHEB 
007T    $0Herd80918 
010@    $aeng 
011@    $a1981 
021A    $aGerman-Czech Relations in Bohemian Frontier Towns: The Industrialization and Urbanization Process 
028A    $aSmelser $dRonald 
031A    $h62-87 $j1981 
037A    $aBetr. den Zeitraum 1850-1914 
039B    $aIn $8--Afu--. Studies in East European social history ; 2. - Leiden : Brill, (1981). - 189 S.. - ISBN 90-04-06386-2 $x198100000000000938 $909263320X 
045F    $a306.094371 $eDDC23BSB 
045F/01 $a306.09 
045F/03 $g4371 

lok: 39165065 78

exp: 39165065 78 1 #EPN
201B/01 $026-11-17 $t00:47:21.000 
201U/01 $0utf8 
203@/01 $0787745200 
208@/01 $a11-11-16 $be 
209A/01 $a/ $f000 $x00 
220C/01 $aTitelaufnehmer: cs 
244Z/01 $#Tschechien $#Tschechische Republik $#Tschechische Republik $#Tschechenland $#Tschechei Tschechien $#Česká Republika $#Czech Republic $#ČR $74303381-7 $8--Tg1--Tschechien $x01 $9086659812 
244Z/01 $2Trx $#Böhmen $#Bohemia $#Czechy $8--Trx--Čechy $x02 $9391188941 
244Z/01 $aGeschichte 1850-1914 $x03 
244Z/01 $2Trx $#linnarahvastik $#miesto gyventojai $#city dwellers $#város-lakosság $#ludność miejska $#obyvateľstvo mestské $#obyvatelstvo městské $8--Trx--Stadtbevölkerung $x04 $9391353233 
244Z/01 $2Trx $#industrialiseerimine $#industrializacija $#industrialization $#iparosítás $#industrializacja $#industrializácia $#industrializace $#uprzemysłowienie $8--Trx--Industrialisierung $x05 $9391363824 
244Z/01 $2Trx $#suhted, Saksa-Tšehhi $#santykiai, čekų ir vokiečių $#relations, Czech-German $#kapcsolatok, cseh-német $#stosunki czesko-niemieckie $#vzťahy česko-nemecké $#vztahy česko-německé $#Beziehungen, böhmisch-deutsche $8--Trx--Beziehungen, deutsch-tschechische $x06 $939137205X 
244Z/01 $2Trx $#linnarahvastik $#miesto gyventojai $#city dwellers $#város-lakosság $#ludność miejska $#obyvateľstvo mestské $#obyvatelstvo městské $8--Trx--Stadtbevölkerung $x07 $9391353233 
244Z/01 $2Trx $8--Trx--Einzelbeiträge $x08 $9391384570 
245Z/01 $a08.04.31 $x01 
247C/01 $82080>Marburg/Lahn, Herder-Institut, Forschungsbibliothek, Bibliographieportal $9336309341
LEADER 00000caa a22000002c 4500
001 391650653
003 DE-603
005 20210425105334.0
007 tu
008 161111s1981 xx |||| | u00||u|eng c
035 |a (DE-599)HEB391650653 
040 |a DE-603  |b ger  |c DE-603  |d DE-603 
041 |a eng 
082 0 4 |8 1\u  |a 306.094371  |q DE-101  |2 23/BSB 
085 |8 1\u  |b 306.09 
085 |8 1\u  |z 2  |s 4371 
100 1 |a Smelser, Ronald 
245 0 0 |a German-Czech Relations in Bohemian Frontier Towns: The Industrialization and Urbanization Process 
264 0 |c 1981 
500 |a Betr. den Zeitraum 1850-1914 
773 0 8 |i In  |t Studies in East European social history ; 2  |d Leiden : Brill, (1981)  |h 189 S.  |z 9004063862  |g (1981), Seite 62-87  |w (DE-603)09263320X 
924 0 |9 2080  |a (DE-603)787745200  |b DE-2080  |c HES  |d d  |g /